[Event "Enschede op-D U14"]
[Site "Enschede"]
[Date "2009.08.03"]
[Round "7"]
[White "Makkink, Tristan"]
[Black "Beukema, Louise"]
[Result "1/2-1/2"]
[WhiteElo "1008"]
[BlackElo "1317"]
[PlyCount "29"]
[EventDate "2009.08.03"]
[EventType "swiss"]
[EventRounds "9"]
[EventCountry "NED"]
[SourceTitle "CBM 132 Extra"]
[Source "ChessBase"]
[SourceDate "2009.11.03"]
[SourceVersion "1"]
[SourceVersionDate "2009.11.03"]
[SourceQuality "1"]

1. e4 e5 2. Nf3 Nc6 3. Bb5 Nf6 4. 0-0 Bc5 5. Re1 d6 6. h3 Bd7 7. c3 0-0 8. d4 Bb6 9. Ba4 Qc8 10. Bc2 Bxh3 11. gxh3 Qxh3 12. Nh2 exd4 13. Qf3 Qh4 14. Qf4 Qh3 15. Qf3 1/2-1/2